Lesiones dentales no cariosas : (Registro nro. 5626)

Detalles MARC
000 -LEADER
fixed length control field 01917nam a2200301 4500
003 - CONTROL NUMBER IDENTIFIER
control field co-ctgcurn
005 - DATE AND TIME OF LATEST TRANSACTION
control field 20250329165503.0
007 - PHYSICAL DESCRIPTION FIXED FIELD--GENERAL INFORMATION
fixed length control field ta
008 - FIXED-LENGTH DATA ELEMENTS--GENERAL INFORMATION
fixed length control field 190415s2021 000 0 eng d
040 ## - CATALOGING SOURCE
Original cataloging agency CO-CtgCURN
Language of cataloging spa
Transcribing agency coctgcurn
082 0# - DEWEY DECIMAL CLASSIFICATION NUMBER
Classification number ODO 2021
Item number V665
100 1# - MAIN ENTRY--PERSONAL NAME
Personal name Viera Martínez, Rosaura.
245 10 - TITLE STATEMENT
Title Lesiones dentales no cariosas :
Remainder of title Una vista desde la prevalencia, factores de riesgos y agentes etiológicos /
Statement of responsibility, etc. Rosaura Viera Martínez; Iván Fuentes García; Co-investigadores: Lidis Marina Torres; Yuri Ballesteros Oliva; Alvaro Matson Robles; Investigadora Jennifer Orozco Páez.
260 ## - PUBLICATION, DISTRIBUTION, ETC.
Date of publication, distribution, etc. 2021.
260 #1 - PUBLICATION, DISTRIBUTION, ETC.
Place of publication, distribution, etc. Cartagena de Indias : :
Name of publisher, distributor, etc. Corporación Universitaria Rafael Nuñez,,
Date of publication, distribution, etc. 2021.
300 ## - PHYSICAL DESCRIPTION
Extent 15 hojas.
504 ## - BIBLIOGRAPHY, ETC. NOTE
Bibliography, etc. note Trabajo de grado (Odontologo).Corporación Universitaria Rafael Núñez. Facultad de Ciencias de Salud. Programa de Odontología, 2021.
520 ## - SUMMARY, ETC.
Summary, etc. "Las lesiones no cariosas son alteraciones dentales que actualmente representan un desafío clínico para el odontólogo y el especialista en rehabilitación oral, debido a las complicaciones que experimentan los individuos que la padecen cuando los casos son graves, adicionalmente, son lesiones cuyo manejo tiende a ser complejo debido a que se derivan de la confluencia de diferentes factores"
650 14 - SUBJECT ADDED ENTRY--TOPICAL TERM
Topical term or geographic name entry element Odontología
Form subdivision Tesis y disertaciones academicas.
700 1# - ADDED ENTRY--PERSONAL NAME
Personal name Fuentes García, Iván.
700 1# - ADDED ENTRY--PERSONAL NAME
Personal name Torres, Lidis Marina,
Relator term co-investigador.
700 1# - ADDED ENTRY--PERSONAL NAME
Personal name Ballesteros Oliva, Yuri,
Relator term co-investigador.
700 1# - ADDED ENTRY--PERSONAL NAME
Personal name Matson Robles, Alvaro,
Relator term investigador.
700 1# - ADDED ENTRY--PERSONAL NAME
Personal name Orozco Páez, Jennifer,
Relator term investigador.
856 ## - ELECTRONIC LOCATION AND ACCESS
Uniform Resource Identifier <a href="https://unicurn.sharepoint.com/:b:/s/biblioteca/EcbSr84caaBOuKUajVMbfUwBiyTqT2GKnWQk6YnYRVR0PQ?e=cDRVZH">https://unicurn.sharepoint.com/:b:/s/biblioteca/EcbSr84caaBOuKUajVMbfUwBiyTqT2GKnWQk6YnYRVR0PQ?e=cDRVZH</a>
Public note Click aqui para ver el recurso en texto completo
942 ## - ADDED ENTRY ELEMENTS (KOHA)
Source of classification or shelving scheme Dewey Decimal Classification
Institution code [OBSOLETE] TG
Koha item type Trabajos de grado
Classification part ODO 2021
Item part V665
Existencias
Withdrawn status Lost status Source of classification or shelving scheme Damaged status Not for loan Collection Home library Current library Shelving location Date acquired Source of acquisition Cost, normal purchase price Inventory number Total checkouts Full call number Barcode Date last seen Price effective from Koha item type
    Dewey Decimal Classification     Trabajos de grado Miguel Henríquez Emiliani Miguel Henríquez Emiliani Trabajo de grado 06/01/2021 El autor 350000.00 023760   ODO 2021 V665 023760 03/29/2025 03/29/2025 Libros